Rozsypanka literowa - miasta w województwie lubuskim - Statystyki

Ogólne statystyki
  • Ten quiz został rozwiązany 19 razy
  • Średni wynik to 10 z 15
Statystyki odpowiedzi
Miasto % Poprawnych
Gubin
89%
Żagań
89%
Żary
89%
Zielona Góra
83%
Świebodzin
78%
Gorzów Wielkopolski
72%
Nowa Sól
72%
Rzepin
72%
Sulęcin
72%
Międzyrzecz
67%
Wschowa
67%
Sulechów
61%
Lubsko
56%
Kostrzyn nad Odrą
39%
Strzelce Krajeńskie
39%
Nie znaleziono quizów pasujących do podanych kryteriów
Rozkład punktacji
Procent ludzi z każdym wynikiem
Percentyl według liczby udzielonych odpowiedzi
Twoja historia wyników
Nie rozwiązałeś tego quizu